Поліська перлина у Рівному: [В Рівнен. обл. краєзн. музеї відбулося знайомство з доробком випускниці - фольклористки Рівнен. гуманітар. ун-ту Т.Гнатюк (Кусік) - кн." Пісні села Погоріловка"] (Запис № 299893)

МАРК-запис
000 -Лідер
fixed length control field 00783nam a22001817a 4500
003 - Ідентифікатор контрольного номера
control field UA-OsUOA
001 - Контрольний номер
control field 13732
007 - Фіксоване поле фізичного опису
fixed length control field ta
008 - Елементи даних фіксованої довжини – загальна інформація
fixed length control field 20030618b un ||||| |||| 00| 0 ukr d
040 ## - Джерело каталогізації
Агенція оригінальної каталогізації UA-OsUOA
Агенція, яка здійснювала перезапис UA-OsUOA
Агенція, яка здійснювала модифікацію UA-OsUOA
100 ## - Основне введення – ім’я особи
Ім’я особи (НП) Франчук В.
245 ## - Відомості про назву
Назва (НП) Поліська перлина у Рівному: [В Рівнен. обл. краєзн. музеї відбулося знайомство з доробком випускниці - фольклористки Рівнен. гуманітар. ун-ту Т.Гнатюк (Кусік) - кн." Пісні села Погоріловка"]
300 ## - Фізичний опис
Обсяг С.2
650 #7 - Додаткове предметне введення – тематичний термін
Тематичний термін чи географічна назва, як елемент введення (НП) Гнатюк (Кусік) Т.
Джерело заголовка чи терміна UDC
773 0# - Введення хост-одиниці (П)
Контрольний номер запису (П) 0
Назва (НП) ВОЛИНЬ
Місце, видавець та дата видання (НП) Рівне
-- 2003
Інформація про взаємозв’язок (П) №23/7 черв./
942 ## - Додаткові елементи входу (Коха)
Тип елемента Koha Стаття періодики
955 ## - Код типу видання за змістом
Код типу видання за змістом (НП) інше

Немає доступних примірників.